_Hotel Front Office Management (4th ed) James A. Bardi (Record no. 6251)
[ view plain ]
| 000 -LEADER | |
|---|---|
| fixed length control field | 00436nam a2200145Ia 4500 |
| 008 - FIXED-LENGTH DATA ELEMENTS--GENERAL INFORMATION | |
| fixed length control field | 151021s9999 xx 000 0 und d |
| 020 ## - INTERNATIONAL STANDARD BOOK NUMBER | |
| International Standard Book Number | 9.7804716871e+012 |
| 050 ## - LIBRARY OF CONGRESS CALL NUMBER | |
| Classification number | TX911.3.M27 2007 |
| 245 ## - TITLE STATEMENT | |
| Title | _Hotel Front Office Management (4th ed) James A. Bardi |
| 260 ## - PUBLICATION, DISTRIBUTION, ETC. (IMPRINT) | |
| Place of publication, distribution, etc. | New Jersey John Wiey& Sons 2006 |
| 300 ## - PHYSICAL DESCRIPTION | |
| Extent | ix,468p.:ill |
| 500 ## - GENERAL NOTE | |
| General note | Include Index |
| 650 ## - SUBJECT ADDED ENTRY--TOPICAL TERM | |
| Topical term or geographic name as entry element | _Hotel Management |
| 980 ## - EQUIVALENCE OR CROSS-REFERENCE-SERIES STATEMENT--PERSONAL NAME/TITLE [LOCAL, CANADA] | |
| Personal name | ^d20110120 10:25:00^okilerai |
No items available.